[Event "Verona-chT Serie B/5 51st"]
[Site "Verona"]
[Date "2019.03.17"]
[Round "5.1"]
[White "Tirelli, Mauro"]
[Black "Boscolo Meneguolo, Federico"]
[Result "1/2-1/2"]
[WhiteElo "2259"]
[BlackElo "2304"]
[PlyCount "112"]
[EventDate "2019.03.15"]
[EventType "team-tourn"]
[EventRounds "5"]
[EventCountry "ITA"]
[SourceTitle "EXT 2022"]
[Source "ChessBase"]
[SourceDate "2021.10.06"]
[SourceVersion "1"]
[SourceVersionDate "2021.10.06"]
[SourceQuality "1"]
[WhiteTeam "Piacenza CC"]
[BlackTeam "Clodiense Chioggia II"]
[WhiteTeamCountry "ITA"]
[BlackTeamCountry "ITA"]

1. e4 e6 2. d4 d5 3. Nc3 Nc6 4. Nf3 Nf6 5. Bd3 Bb4 6. 0-0 Bxc3 7. exd5 Nxd4 8. bxc3 Nxf3+ 9. Qxf3 Qxd5 10. Qg3 0-0 11. c4 Qd4 12. Be3 Qg4 13. Qxc7 e5 14. Qxe5 Be6 15. h3 Qh5 16. Qxh5 Nxh5 17. Rfb1 b6 18. a4 Nf6 19. a5 Nd7 20. Rb4 Rac8 21. f4 g6 22. axb6 axb6 23. Ra6 Nc5 24. Raxb6 Nxd3 25. cxd3 Rfd8 26. f5 Bxf5 27. d4 Bd3 28. c5 Be4 29. Kf2 f5 30. Bg5 Re8 31. Bf4 Kf7 32. g4 fxg4 33. hxg4 Bc6 34. Be5 h5 35. g5 Ke6 36. Ra4 Kd5 37. Ra7 Ra8 38. Rc7 Ra2+ 39. Ke3 Rea8 40. Rb3 Rg2 41. Rxc6 Kxc6 42. Rb6+ Kd5 43. Rd6+ Kc4 44. Rxg6 Rg4 45. Bf4 Re8+ 46. Kf3 Kd3 47. Be5 Ra8 48. d5 Ra3 49. Bb2 Rb3 50. Rb6 Rxb6 51. cxb6 Rxg5 52. b7 Rf5+ 53. Kg3 Rf8 54. d6 Ke4 55. d7 Kd5 56. Bf6 Kc6 1/2-1/2

[Event "Verona-chT Serie B/5 51st"]
[Site "Verona"]
[Date "2019.03.15"]
[Round "1.1"]
[White "Boscolo Meneguolo, Federico"]
[Black "Caposciutti, Maurizio"]
[Result "1/2-1/2"]
[WhiteElo "2304"]
[BlackElo "2329"]
[PlyCount "65"]
[EventDate "2019.03.15"]
[EventType "team-tourn"]
[EventRounds "5"]
[EventCountry "ITA"]
[SourceTitle "EXT 2022"]
[Source "ChessBase"]
[SourceDate "2021.10.06"]
[SourceVersion "1"]
[SourceVersionDate "2021.10.06"]
[SourceQuality "1"]
[WhiteTeam "Clodiense Chioggia II"]
[BlackTeam "Grosseto Mattoallaprossima"]
[WhiteTeamCountry "ITA"]
[BlackTeamCountry "ITA"]

1. e4 c6 2. d4 d5 3. e5 c5 4. dxc5 Nc6 5. a3 e6 6. Nf3 Bxc5 7. b4 Bb6 8. Bb2 Nge7 9. Bd3 Ng6 10. 0-0 Nf4 11. Re1 Nxd3 12. Qxd3 0-0 13. Nbd2 Ne7 14. Nd4 Bd7 15. N2f3 Rc8 16. Rac1 a6 17. h4 Ng6 18. h5 Nh4 19. h6 g6 20. Qd2 Rc4 21. Re3 Qe7 22. Rd3 Rfc8 23. Nh2 Bd8 24. Ng4 Qg5 25. Qxg5 Bxg5 26. Rf1 Nf5 27. f4 Bd8 28. c3 Rxd4 29. cxd4 Bb5 30. Rc3 Rxc3 31. Bxc3 Bxf1 32. Kxf1 Ng3+ 33. Ke1 1/2-1/2

[Event "Chioggia op-A 13th"]
[Site "Chioggia"]
[Date "2018.09.30"]
[Round "5"]
[White "Boscolo Meneguolo, Federico"]
[Black "Seresin, Francesco"]
[Result "1-0"]
[WhiteElo "2297"]
[BlackElo "2287"]
[PlyCount "57"]
[EventDate "2018.09.28"]
[EventType "swiss"]
[EventRounds "5"]
[EventCountry "ITA"]
[SourceTitle "EXT 2022"]
[Source "ChessBase"]
[SourceDate "2021.10.06"]
[SourceVersion "1"]
[SourceVersionDate "2021.10.06"]
[SourceQuality "1"]

1. e4 c6 2. d4 d5 3. e5 c5 4. dxc5 e6 5. Nf3 Bxc5 6. Bd3 Nc6 7. a3 Nge7 8. b4 Bb6 9. Bb2 Ng6 10. 0-0 Bd7 11. Re1 Nce7 12. Nbd2 Ba4 13. g3 Rc8 14. h4 Nf8 15. Nd4 Bxd4 16. Bxd4 Nf5 17. Bb2 Qb6 18. Nf3 g6 19. Qd2 h5 20. Nd4 Nd7 21. Bxf5 gxf5 22. Nxf5 Rxc2 23. Nd6+ Ke7 24. Qg5+ Kf8 25. Qf4 f5 26. Bd4 Qd8 27. Nxf5 exf5 28. e6 Nf6 29. e7+ 1-0

[Event "Padova CIS A2 Girone 4 49th"]
[Site "Padova"]
[Date "2017.03.26"]
[Round "4.1"]
[White "Lain, Luigi"]
[Black "Boscolo Meneguolo, Federico"]
[Result "1/2-1/2"]
[WhiteElo "2240"]
[BlackElo "2291"]
[PlyCount "50"]
[EventDate "2017.03.24"]
[EventType "team-swiss"]
[EventRounds "5"]
[EventCountry "ITA"]
[SourceTitle "EXT 2024"]
[Source "ChessBase"]
[SourceDate "2023.10.10"]
[SourceVersion "1"]
[SourceVersionDate "2023.10.10"]
[SourceQuality "1"]

1. d4 Nf6 2. c4 g6 3. Nc3 Bg7 4. e4 d6 5. f3 0-0 6. Be3 Nc6 7. Nge2 a6 8. Qd2 Bd7 9. g4 b5 10. h4 Re8 11. 0-0-0 Rb8 12. h5 Na5 13. Ng3 b4 14. Nd5 Ba4 15. hxg6 fxg6 16. g5 Nxd5 17. exd5 Bxd1 18. Qh2 e5 19. Qxh7+ Kf8 20. Nf5 gxf5 21. Qxf5+ Kg8 22. Qh7+ Kf8 23. Qf5+ Kg8 24. Qh7+ Kf7 25. Qf5+ Kg8 1/2-1/2

[Event "ITA-chT 48th"]
[Site "Civitanova Marche"]
[Date "2016.04.30"]
[Round "6.4"]
[White "Messa, Roberto"]
[Black "Boscolo Meneguolo, Federico"]
[Result "1/2-1/2"]
[WhiteElo "2299"]
[BlackElo "2309"]
[PlyCount "25"]
[EventDate "2016.04.27"]
[EventType "team-swiss"]
[EventRounds "7"]
[EventCountry "ITA"]
[SourceTitle "CBM 172 Extra"]
[Source "ChessBase"]
[SourceDate "2016.06.21"]
[SourceVersion "1"]
[SourceVersionDate "2016.06.21"]
[SourceQuality "1"]
[WhiteTeam "SST 1904"]
[BlackTeam "Montesilvano Arrocco"]
[WhiteTeamCountry "ITA"]
[BlackTeamCountry "ITA"]

1. e4 e6 2. d4 d5 3. exd5 exd5 4. Nf3 Bd6 5. c4 Nf6 6. Nc3 dxc4 7. Bxc4 0-0 8. h3 h6 9. 0-0 c6 10. a3 Nbd7 11. Ba2 Nb6 12. Ne5 Nbd5 13. Qf3 1/2-1/2

[Event "ITA-chT 48th"]
[Site "Civitanova Marche"]
[Date "2016.04.28"]
[Round "2.5"]
[White "Sibilio, Mario"]
[Black "Boscolo Meneguolo, Federico"]
[Result "1-0"]
[WhiteElo "2314"]
[BlackElo "2309"]
[PlyCount "75"]
[EventDate "2016.04.27"]
[EventType "team-swiss"]
[EventRounds "7"]
[EventCountry "ITA"]
[SourceTitle "CBM 172 Extra"]
[Source "ChessBase"]
[SourceDate "2016.06.21"]
[SourceVersion "1"]
[SourceVersionDate "2016.06.21"]
[SourceQuality "1"]
[WhiteTeam "Perugia Euro Scacchi"]
[BlackTeam "Montesilvano Arrocco"]
[WhiteTeamCountry "ITA"]
[BlackTeamCountry "ITA"]

1. d4 Nf6 2. Nf3 g6 3. g3 Bg7 4. Bg2 0-0 5. c4 d6 6. Nc3 Nc6 7. h3 Rb8 8. Bg5 h6 9. Be3 a6 10. Qd2 Kh7 11. g4 e5 12. g5 Ng8 13. dxe5 dxe5 14. 0-0-0 Qxd2+ 15. Rxd2 h5 16. Rhd1 b5 17. cxb5 axb5 18. Bc5 Re8 19. e4 Be6 20. Nd5 Rec8 21. Kb1 Na5 22. b3 Nb7 23. Ba7 Ra8 24. Be3 Nd6 25. Ne1 Bxd5 26. Rxd5 f5 27. exf5 gxf5 28. Rxd6 cxd6 29. Bxa8 Rxa8 30. Rxd6 Ne7 31. Rd7 Ng6 32. Nd3 f4 33. Bd2 Kg8 34. Nc5 Re8 35. Ne4 Rc8 36. Bb4 Nh4 37. Nf6+ Kh8 38. Nxh5 1-0

[Event "ITA-chT 47th"]
[Site "Civitanova Marche"]
[Date "2015.04.29"]
[Round "2.2"]
[White "Caprio, Guido"]
[Black "Boscolo Meneguolo, Federico"]
[Result "1-0"]
[WhiteElo "2418"]
[BlackElo "2313"]
[PlyCount "69"]
[EventDate "2015.04.29"]
[EventType "team-swiss"]
[EventRounds "7"]
[EventCountry "ITA"]
[SourceTitle "CBM 166 Extra"]
[Source "ChessBase"]
[SourceDate "2015.06.18"]
[SourceVersion "1"]
[SourceVersionDate "2015.06.18"]
[SourceQuality "1"]
[WhiteTeam "Modena"]
[BlackTeam "Montesilvano Arrocco"]
[WhiteTeamCountry "ITA"]
[BlackTeamCountry "ITA"]

1. e4 e6 2. d4 d5 3. Nd2 Nc6 4. Ngf3 Nf6 5. e5 Nd7 6. Nb3 a5 7. a4 Be7 8. Bb5 Ncb8 9. 0-0 b6 10. Qe2 Ba6 11. c4 c6 12. cxd5 cxb5 13. axb5 Bb7 14. d6 Bxd6 15. exd6 Nf6 16. Nc5 Bd5 17. Bf4 Nh5 18. Be5 f6 19. Ng5 bxc5 20. Nxe6 Bxe6 21. Bg3 Nxg3 22. Qxe6+ Kf8 23. hxg3 cxd4 24. Rac1 Nd7 25. Rc7 Qe8 26. Qxd7 Qxd7 27. Rxd7 Ke8 28. Rc7 Kd8 29. b6 Rb8 30. b7 Re8 31. Rfc1 d3 32. d7 Re1+ 33. Rxe1 Kxc7 34. Re8 d2 35. d8Q+ 1-0

[Event "Padova op-A 17th"]
[Site "Padova"]
[Date "2014.12.18"]
[Round "6"]
[White "Drazic, Sinisa"]
[Black "Boscolo Meneguolo, Federico"]
[Result "1-0"]
[WhiteElo "2438"]
[BlackElo "2303"]
[PlyCount "77"]
[EventDate "2014.12.14"]
[EventType "swiss"]
[EventRounds "9"]
[EventCountry "ITA"]
[SourceTitle "EXT 2016"]
[Source "ChessBase"]
[SourceDate "2015.10.08"]
[SourceVersion "1"]
[SourceVersionDate "2015.10.08"]
[SourceQuality "1"]

1. e4 e6 2. d4 d5 3. Nd2 Nc6 4. c3 e5 5. exd5 Qxd5 6. Ngf3 exd4 7. Bc4 Qh5 8. 0-0 Be6 9. Bxe6 fxe6 10. Qb3 0-0-0 11. Qxe6+ Kb8 12. Nxd4 Nxd4 13. cxd4 Rxd4 14. Nf3 Rd8 15. Bf4 Bd6 16. Rfd1 Re8 17. Qc4 Bxf4 18. Qxf4 Nf6 19. Rac1 Qa5 20. b4 Qb6 21. Re1 a6 22. a3 Rhf8 23. Qd4 Qxd4 24. Nxd4 Rxe1+ 25. Rxe1 Rd8 26. Ne6 Rd3 27. Nxg7 Rxa3 28. f4 a5 29. bxa5 c5 30. Ne8 Ng4 31. f5 Rxa5 32. f6 Nh6 33. Nd6 b5 34. g4 Kc7 35. Nf5 b4 36. Nxh6 b3 37. f7 Ra8 38. Rb1 c4 39. Rc1 1-0

[Event "Padova op-A 17th"]
[Site "Padova"]
[Date "2014.12.16"]
[Round "3"]
[White "Boscolo Meneguolo, Federico"]
[Black "Vovk, Yuri"]
[Result "0-1"]
[WhiteElo "2303"]
[BlackElo "2592"]
[PlyCount "78"]
[EventDate "2014.12.14"]
[EventType "swiss"]
[EventRounds "9"]
[EventCountry "ITA"]
[SourceTitle "EXT 2016"]
[Source "ChessBase"]
[SourceDate "2015.10.08"]
[SourceVersion "1"]
[SourceVersionDate "2015.10.08"]
[SourceQuality "1"]

1. e4 c5 2. Nf3 e6 3. c3 Nf6 4. e5 Nd5 5. d4 cxd4 6. cxd4 b6 7. Bd3 Ba6 8. 0-0 Be7 9. Nc3 Nxc3 10. bxc3 Qc8 11. Bg5 Nc6 12. Re1 h6 13. Bxe7 Nxe7 14. c4 0-0 15. Rc1 Bb7 16. Bb1 f5 17. exf6 Rxf6 18. d5 Qc5 19. Qc2 Ng6 20. Re4 exd5 21. Rg4 Nf8 22. Qb2 Qe7 23. Nd4 Re8 24. h4 Qe5 25. Rc3 Rf4 26. Re3 Rxg4 27. Rxe5 Rxe5 28. f3 Re1+ 29. Kf2 Rxb1 30. Qxb1 Rxd4 31. c5 Bc6 32. cxb6 axb6 33. Qxb6 Rd2+ 34. Ke3 Rxg2 35. Qa7 Ne6 36. f4 d4+ 37. Kd3 Bb5+ 38. Ke4 Re2+ 39. Kd5 d3 0-1

[Event "Padova op-A 17th"]
[Site "Padova"]
[Date "2014.12.16"]
[Round "4.14"]
[White "Santolini, Luigi"]
[Black "Boscolo Meneguolo, Federico"]
[Result "1/2-1/2"]
[WhiteElo "2117"]
[BlackElo "2303"]
[PlyCount "64"]
[EventDate "2014.12.14"]
[EventType "swiss"]
[EventRounds "9"]
[EventCountry "ITA"]
[SourceTitle "EXT 2024"]
[Source "ChessBase"]
[SourceDate "2023.10.10"]
[SourceVersion "1"]
[SourceVersionDate "2023.10.10"]
[SourceQuality "1"]

1. d4 g6 2. c4 Bg7 3. Nc3 d6 4. e4 Nd7 5. Be3 e5 6. Nf3 Ngf6 7. h3 0-0 8. Qd2 c6 9. d5 cxd5 10. cxd5 b6 11. Bd3 Nc5 12. Bc2 Ba6 13. b4 Ncd7 14. Bd3 Bxd3 15. Qxd3 a5 16. Rb1 axb4 17. Rxb4 Nc5 18. Qb1 Ra3 19. Bd2 Nh5 20. 0-0 Nf4 21. Bxf4 exf4 22. Nb5 Ra6 23. Nbd4 Qa8 24. Re1 Rxa2 25. Rxb6 Ra4 26. Nb3 Nxb3 27. Qxb3 Rd8 28. Qd3 Ra3 29. Rb3 Ra2 30. Re2 Ra4 31. Qd2 Qa6 32. Re1 Qc4 1/2-1/2

[Event "Padova op-A 17th"]
[Site "Padova"]
[Date "2014.12.14"]
[Round "1.24"]
[White "Boscolo Meneguolo, Federico"]
[Black "Hocevar, Nikola"]
[Result "1-0"]
[WhiteElo "2303"]
[BlackElo "1913"]
[PlyCount "75"]
[EventDate "2014.12.14"]
[EventType "swiss"]
[EventRounds "9"]
[EventCountry "ITA"]
[SourceTitle "EXT 2024"]
[Source "ChessBase"]
[SourceDate "2023.10.10"]
[SourceVersion "1"]
[SourceVersionDate "2023.10.10"]
[SourceQuality "1"]

1. e4 c5 2. Nf3 g6 3. d4 cxd4 4. Qxd4 Nf6 5. e5 Nc6 6. Qa4 Nd5 7. Qe4 Nb6 8. Nc3 d5 9. exd6 Bf5 10. Qe2 Qxd6 11. Nb5 Qb8 12. Nbd4 Bg4 13. Nxc6 bxc6 14. Qe4 Qc8 15. Ne5 Bf5 16. Qxc6+ Qxc6 17. Nxc6 Bg7 18. c3 Bd7 19. Nd4 0-0 20. Be3 Na4 21. 0-0-0 Rab8 22. Nb3 Be6 23. Kc2 a5 24. Bf4 Bf5+ 25. Bd3 e5 26. Bxf5 gxf5 27. Bc1 Rb5 28. Rd7 Nb6 29. Rb7 a4 30. Be3 axb3+ 31. axb3 f4 32. Rxb6 Rd5 33. Bc1 Rfd8 34. Re1 Bf8 35. c4 Bc5 36. Rb5 Bxf2 37. Rxd5 Rxd5 38. Re2 1-0

[Event "Chioggia op-A 09th"]
[Site "Chioggia"]
[Date "2014.10.12"]
[Round "5"]
[White "Lodici, Lorenzo"]
[Black "Boscolo Meneguolo, Federico"]
[Result "1/2-1/2"]
[WhiteElo "1910"]
[BlackElo "2290"]
[PlyCount "69"]
[EventDate "2014.10.10"]
[EventType "swiss"]
[EventRounds "5"]
[EventCountry "ITA"]
[SourceTitle "EXT 2022"]
[Source "ChessBase"]
[SourceDate "2021.10.06"]
[SourceVersion "1"]
[SourceVersionDate "2021.10.06"]
[SourceQuality "1"]

1. d4 g6 2. e4 Bg7 3. Nf3 c6 4. Bc4 d5 5. Bb3 dxe4 6. Ng5 Nh6 7. c3 0-0 8. Nxe4 Nf5 9. 0-0 Nd7 10. Nbd2 e5 11. dxe5 Nxe5 12. Nc4 Qh4 13. Nxe5 Bxe5 14. f4 Bc7 15. g3 Bb6+ 16. Kh1 Qe7 17. Qf3 Bd7 18. Bd2 c5 19. Bd5 Rad8 20. c4 Nd4 21. Qg2 Be6 22. Nc3 Bf5 23. g4 Bd3 24. Rfe1 Qh4 25. Re3 Bc2 26. Rae1 Bc7 27. f5 Bf4 28. fxg6 hxg6 29. Rh3 Qg5 30. Bxf4 Qxf4 31. Rhe3 Rd7 32. Qh3 Kg7 33. Rf1 Qg5 34. Qg3 f5 35. Qe5+ 1/2-1/2

[Event "Wch U18"]
[Site "Durban"]
[Date "2014.09.22"]
[Round "4"]
[White "Wagner, Dennis"]
[Black "Boscolo Meneguolo, Federico"]
[Result "1-0"]
[WhiteElo "2499"]
[BlackElo "2320"]
[PlyCount "53"]
[EventDate "2014.09.20"]
[EventType "swiss"]
[EventRounds "11"]
[EventCountry "RSA"]
[SourceTitle "CBM 162 Extra"]
[Source "ChessBase"]
[SourceDate "2014.10.17"]
[SourceVersion "1"]
[SourceVersionDate "2014.10.17"]
[SourceQuality "1"]

1. d4 Nf6 2. c4 g6 3. Nc3 Bg7 4. e4 d6 5. Nf3 0-0 6. Be2 e5 7. Be3 exd4 8. Nxd4 Re8 9. f3 c6 10. Bf2 d5 11. exd5 cxd5 12. 0-0 Nc6 13. c5 Re5 14. Bb5 Bd7 15. Bxc6 bxc6 16. b4 Rc8 17. Qd2 Qf8 18. Rfe1 Bh6 19. Qd3 Qe7 20. b5 cxb5 21. Ndxb5 Bxb5 22. Nxb5 Nd7 23. Rxe5 Qxe5 24. Re1 Nxc5 25. Qa3 Qg5 26. Nxa7 Qd2 27. Nxc8 1-0

[Event "Wch U18"]
[Site "Durban"]
[Date "2014.09.20"]
[Round "1"]
[White "Padayachee, Kenyon"]
[Black "Boscolo Meneguolo, Federico"]
[Result "0-1"]
[WhiteElo "1748"]
[BlackElo "2320"]
[PlyCount "86"]
[EventDate "2014.09.20"]
[EventType "swiss"]
[EventRounds "11"]
[EventCountry "RSA"]
[SourceTitle "CBM 162 Extra"]
[Source "ChessBase"]
[SourceDate "2014.10.17"]
[SourceVersion "1"]
[SourceVersionDate "2014.10.17"]
[SourceQuality "1"]

1. e4 g6 2. d4 Bg7 3. Nf3 d6 4. h3 Nf6 5. Nc3 0-0 6. Bc4 c6 7. a4 d5 8. Bd3 dxe4 9. Nxe4 Nxe4 10. Bxe4 Nd7 11. c3 Nf6 12. Bc2 b6 13. 0-0 Bb7 14. Bf4 Rc8 15. Re1 c5 16. Be3 Nd5 17. Bg5 cxd4 18. Nxd4 Qd7 19. Be4 f6 20. Bh4 e5 21. Nc2 Qf7 22. Bxd5 Bxd5 23. Nb4 Ba8 24. Qe2 a5 25. Nc2 f5 26. Red1 e4 27. Qb5 h6 28. Bg3 f4 29. Bh2 e3 30. f3 Rc6 31. Nd4 Rf6 32. Ne2 Bc6 33. Qd3 g5 34. b4 axb4 35. cxb4 Rf5 36. Ra3 Rd5 37. Qc2 Rfd8 38. Rxd5 Qxd5 39. Kh1 Qd1+ 40. Qxd1 Rxd1+ 41. Bg1 Rd2 42. Nc3 e2 43. Bf2 Rd1+ 0-1

[Event "Forni di Sopra op 5th"]
[Site "Forni di Sopra"]
[Date "2014.06.21"]
[Round "9"]
[White "Boscolo Meneguolo, Federico"]
[Black "Keilhack, Harald"]
[Result "1-0"]
[WhiteElo "2306"]
[BlackElo "2254"]
[PlyCount "73"]
[EventDate "2014.06.14"]
[EventType "swiss"]
[EventRounds "9"]
[EventCountry "ITA"]
[SourceTitle "CBM 160 Extra"]
[Source "ChessBase"]
[SourceDate "2014.07.01"]
[SourceVersion "1"]
[SourceVersionDate "2014.07.01"]
[SourceQuality "1"]

1. e4 c5 2. Nf3 e6 3. c3 d5 4. exd5 exd5 5. d4 a6 6. Be2 c4 7. 0-0 Bd6 8. b3 cxb3 9. axb3 Ne7 10. c4 b6 11. Nc3 Bb7 12. Ne5 Nd7 13. Bf4 Bxe5 14. dxe5 Ng6 15. Bg3 0-0 16. Nxd5 Ngxe5 17. f4 Nc6 18. Bf3 f5 19. Re1 a5 20. Bf2 Nc5 21. Nxb6 Qxb6 22. Qd5+ Rf7 23. Qxc5 Qxc5 24. Bxc5 Rd7 25. Bd5+ Kh8 26. Re6 Rc8 27. Rae1 h6 28. R6e2 Nd8 29. Re8+ Kh7 30. Bxb7 Rxc5 31. Bd5 Kg6 32. Rf8 Rcc7 33. h3 Nf7 34. Re6+ Kh7 35. Ra6 Nd6 36. Be6 Ra7 37. Rc6 1-0

[Event "Forni di Sopra op 5th"]
[Site "Forni di Sopra"]
[Date "2014.06.20"]
[Round "8"]
[White "Narciso Dublan, Marc"]
[Black "Boscolo Meneguolo, Federico"]
[Result "1-0"]
[WhiteElo "2538"]
[BlackElo "2306"]
[PlyCount "65"]
[EventDate "2014.06.14"]
[EventType "swiss"]
[EventRounds "9"]
[EventCountry "ITA"]
[SourceTitle "CBM 160 Extra"]
[Source "ChessBase"]
[SourceDate "2014.07.01"]
[SourceVersion "1"]
[SourceVersionDate "2014.07.01"]
[SourceQuality "1"]

1. d4 Nf6 2. c4 g6 3. Nc3 Bg7 4. e4 d6 5. Be2 0-0 6. Nf3 e5 7. d5 a5 8. Bg5 h6 9. Be3 Ng4 10. Bc1 f5 11. exf5 gxf5 12. g3 Na6 13. Nh4 Nc5 14. 0-0 Nf6 15. f4 e4 16. Be3 b6 17. h3 Bd7 18. Rf2 Kh7 19. Rg2 Ng8 20. Bd4 Bxd4+ 21. Qxd4 Qf6 22. Qxf6 Rxf6 23. Kf2 Ne7 24. Ke3 Ng6 25. Nxg6 Rxg6 26. Rag1 Rag8 27. g4 h5 28. g5 h4 29. Bh5 R6g7 30. Bf7 Rf8 31. g6+ Kh6 32. Ne2 Nd3 33. Nd4 1-0

[Event "Forni di Sopra op 5th"]
[Site "Forni di Sopra"]
[Date "2014.06.17"]
[Round "5"]
[White "Boscolo Meneguolo, Federico"]
[Black "Sharapov, Sanal"]
[Result "1/2-1/2"]
[WhiteElo "2306"]
[BlackElo "2265"]
[PlyCount "69"]
[EventDate "2014.06.14"]
[EventType "swiss"]
[EventRounds "9"]
[EventCountry "ITA"]
[SourceTitle "CBM 160 Extra"]
[Source "ChessBase"]
[SourceDate "2014.07.01"]
[SourceVersion "1"]
[SourceVersionDate "2014.07.01"]
[SourceQuality "1"]

1. e4 e5 2. Nf3 Nc6 3. Bc4 Nf6 4. Ng5 Bc5 5. Bxf7+ Ke7 6. Bb3 Rf8 7. 0-0 d6 8. d3 h6 9. Nf3 Bg4 10. h3 Bh5 11. c3 g5 12. Be3 g4 13. hxg4 Bxg4 14. Nbd2 Qe8 15. Qe1 Bxf3 16. Nxf3 Ng4 17. Nh2 Nxh2 18. Kxh2 Qh5+ 19. Kg1 Bxe3 20. Qxe3 Rf4 21. Qh3 Qxh3 22. gxh3 Rf3 23. Kg2 Rxd3 24. Rad1 Rxd1 25. Rxd1 Na5 26. Bc2 Rg8+ 27. Kf3 Nc4 28. Bb3 Rf8+ 29. Ke2 Nb6 30. Rg1 Kf6 31. h4 Nc8 32. h5 Ne7 33. Ke3 c6 34. f4 d5 35. Rd1 1/2-1/2

[Event "ITA-chT 46th"]
[Site "Condino"]
[Date "2014.05.04"]
[Round "7.4"]
[White "Boscolo Meneguolo, Federico"]
[Black "Rombaldoni, Axel"]
[Result "1/2-1/2"]
[WhiteElo "2285"]
[BlackElo "2513"]
[PlyCount "68"]
[EventDate "2014.04.30"]
[EventType "team-swiss"]
[EventRounds "7"]
[EventCountry "ITA"]
[SourceTitle "CBM 160 Extra"]
[Source "ChessBase"]
[SourceDate "2014.07.01"]
[SourceVersion "1"]
[SourceVersionDate "2014.07.01"]
[SourceQuality "1"]
[WhiteTeam "Arrocco"]
[BlackTeam "WorldtradingLab"]
[WhiteTeamCountry "ITA"]
[BlackTeamCountry "ITA"]

1. e4 e5 2. Nf3 Nc6 3. Bc4 Bc5 4. c3 Nf6 5. d4 exd4 6. cxd4 Bb4+ 7. Bd2 Bxd2+ 8. Nbxd2 d5 9. exd5 Nxd5 10. Qb3 Nce7 11. 0-0 0-0 12. Rfe1 c6 13. Ne4 Qb6 14. Nc3 Qxb3 15. Bxb3 Bg4 16. Nxd5 Nxd5 17. Bxd5 cxd5 18. Re7 b6 19. Ne5 Be6 20. Rc1 Rfc8 21. Rcc7 Rxc7 22. Rxc7 Rc8 23. Rxc8+ Bxc8 24. Kf1 Kf8 25. Ke1 Bb7 26. Kd2 Ke7 27. Kc3 f6 28. Nd3 Kd6 29. Nf4 g6 30. a4 Bc6 31. b3 Be8 32. Nd3 g5 33. Nb2 Ke6 34. b4 a5 1/2-1/2

[Event "ITA-chT 46th"]
[Site "Condino"]
[Date "2014.05.03"]
[Round "6.6"]
[White "Brun, Dario"]
[Black "Boscolo Meneguolo, Federico"]
[Result "1/2-1/2"]
[WhiteElo "2275"]
[BlackElo "2285"]
[PlyCount "51"]
[EventDate "2014.04.30"]
[EventType "team-swiss"]
[EventRounds "7"]
[EventCountry "ITA"]
[SourceTitle "CBM 160 Extra"]
[Source "ChessBase"]
[SourceDate "2014.07.01"]
[SourceVersion "1"]
[SourceVersionDate "2014.07.01"]
[SourceQuality "1"]
[WhiteTeam "Centurini"]
[BlackTeam "Arrocco"]
[WhiteTeamCountry "ITA"]
[BlackTeamCountry "ITA"]

1. d4 d5 2. c4 e6 3. Nc3 Nf6 4. Bg5 Nbd7 5. e3 c6 6. Nf3 Qa5 7. Nd2 Bb4 8. Qc2 0-0 9. Be2 e5 10. 0-0 exd4 11. Nb3 Qb6 12. exd4 dxc4 13. Bxc4 a5 14. a4 Qc7 15. Rae1 Qd6 16. Bh4 Nb6 17. Bd3 h6 18. Bg3 Qd8 19. Rd1 Nbd5 20. Ne4 Re8 21. Nbc5 Nxe4 22. Bxe4 b6 23. Nd3 Ba6 24. Bxd5 Qxd5 25. Nxb4 axb4 26. Rfe1 1/2-1/2

[Event "ITA-chT 46th"]
[Site "Condino"]
[Date "2014.05.01"]
[Round "3.6"]
[White "Boscolo Meneguolo, Federico"]
[Black "Amato, Andrea"]
[Result "1/2-1/2"]
[WhiteElo "2285"]
[BlackElo "2345"]
[PlyCount "34"]
[EventDate "2014.04.30"]
[EventType "team-swiss"]
[EventRounds "7"]
[EventCountry "ITA"]
[SourceTitle "CBM 160 Extra"]
[Source "ChessBase"]
[SourceDate "2014.07.01"]
[SourceVersion "1"]
[SourceVersionDate "2014.07.01"]
[SourceQuality "1"]
[WhiteTeam "Arrocco"]
[BlackTeam "Banca Nuova"]
[WhiteTeamCountry "ITA"]
[BlackTeamCountry "ITA"]

1. e4 c5 2. Nf3 e6 3. c4 b6 4. Nc3 Bb7 5. d4 cxd4 6. Nxd4 d6 7. Be2 a6 8. 0-0 Nd7 9. Be3 Ngf6 10. f3 Qc7 11. Rc1 Rc8 12. Qd2 Qb8 13. Rfd1 Be7 14. b3 Bd8 15. Bf1 Bc7 16. g3 0-0 17. Bg2 Rfe8 1/2-1/2

[Event "Padova op-A 16th"]
[Site "Padova"]
[Date "2013.12.22"]
[Round "9.14"]
[White "Boscolo Meneguolo, Federico"]
[Black "Moroni, Luca Jr"]
[Result "0-1"]
[WhiteElo "2295"]
[BlackElo "2229"]
[PlyCount "134"]
[EventDate "2013.12.15"]
[EventType "swiss"]
[EventRounds "9"]
[EventCountry "ITA"]
[SourceTitle "EXT 2024"]
[Source "ChessBase"]
[SourceDate "2023.10.10"]
[SourceVersion "1"]
[SourceVersionDate "2023.10.10"]
[SourceQuality "1"]

1. e4 e6 2. d3 c5 3. Nf3 Nc6 4. g3 d6 5. Bg2 Nge7 6. 0-0 g6 7. c3 Bg7 8. d4 cxd4 9. cxd4 d5 10. e5 0-0 11. Nc3 Bd7 12. Bg5 h6 13. Bf4 Nf5 14. g4 Nh4 15. Nxh4 Qxh4 16. Rc1 Qe7 17. Qd2 g5 18. Be3 f6 19. exf6 Qxf6 20. Ne2 Qe7 21. a3 Bf6 22. h3 Qg7 23. Rcd1 Ne7 24. Ng3 Bb5 25. Nh5 Qf7 26. Rfe1 Ng6 27. f4 gxf4 28. Nxf4 Bh4 29. Nh5 Kh7 30. Bxh6 Qf2+ 31. Kh1 Qxd2 32. Bxd2 Bxe1 33. Rxe1 Rf2 34. Bg5 Rc8 35. a4 Bxa4 36. Bf1 Bc2 37. Kg1 Rcf8 38. Be3 R2f7 39. g5 Nh4 40. Rc1 Nf3+ 41. Kh1 Nxg5 42. Bg2 Bg6 43. Bxg5 Bxh5 44. Re1 Bf3 45. Rxe6 Bxg2+ 46. Kxg2 Rf2+ 47. Kg3 Rxb2 48. Rh6+ Kg7 49. Rd6 Rf7 50. Rxd5 b5 51. Bf4 a5 52. Rd6 a4 53. Be5+ Kh7 54. Ra6 Rb1 55. Kh4 Rg1 56. Rb6 a3 57. Rb8 Re1 58. Kg5 Rxe5+ 59. dxe5 Ra7 60. e6 a2 61. e7 Rxe7 62. Ra8 Re2 63. Ra7+ Kg8 64. h4 b4 65. h5 b3 66. Ra8+ Kf7 67. Ra7+ Re7 0-1